00589nam a22002057a 450000500170000001000130001702000240003003500130005403700160006704000120008308200160009510000200011124500470013126000490017827000410022730000290026849000460029765000190034365000210036220170124110249.0 aA-838803 c€7.99a0863181651 aA-838803 bCen Lib/Ret aDPLbEN a616.12bPAT aPatel, Chandra  aFighting heart disease /cby Chandra Patel bDorling Kindersley Publishers aLondonc1995 bLondona9 Henrietta Street eWC2E8PS a192p. :c22cm(pbk)bill. aThe British Holistic Medical Association  aHeart disease  aMedical science